Speed adventure stories. (Record no. 1729)

MARC details
000 -LEADER
fixed length control field 01758cas a22004571a 4500
001 - CONTROL NUMBER
control field data
005 - DATE AND TIME OF LATEST TRANSACTION
control field 20260322212115.0
007 - PHYSICAL DESCRIPTION FIXED FIELD--GENERAL INFORMATION
fixed length control field data
007 - PHYSICAL DESCRIPTION FIXED FIELD--GENERAL INFORMATION
fixed length control field data
008 - FIXED-LENGTH DATA ELEMENTS--GENERAL INFORMATION
fixed length control field data
035 ## - SYSTEM CONTROL NUMBER
System control number 11449679
010 ## - LIBRARY OF CONGRESS CONTROL NUMBER
LC control number sf 95098004
035 ## - SYSTEM CONTROL NUMBER
System control number (OCoLC)35814402
040 ## - CATALOGING SOURCE
Original cataloging agency DLC
Language of cataloging eng
Transcribing agency DLC
Modifying agency OCLCQ
-- OCLCO
-- OCLCF
-- OCLCO
-- OCLCQ
042 ## - AUTHENTICATION CODE
Authentication code pcc
050 00 - LIBRARY OF CONGRESS CALL NUMBER
Classification number Microfilm 95/1654
245 00 - TITLE STATEMENT
Title Speed adventure stories.
260 ## - PUBLICATION, DISTRIBUTION, ETC.
Place of publication, distribution, etc. New York, N.Y. :
Name of publisher, distributor, etc. Trojan Pub. Corp.,
Date of publication, distribution, etc. 1943-1946.
300 ## - PHYSICAL DESCRIPTION
Extent volumes :
Other physical details illustrations ;
Dimensions 25 cm
310 ## - CURRENT PUBLICATION FREQUENCY
Current publication frequency Quarterly
336 ## - CONTENT TYPE
Content type term text
Content type code txt
Source rdacontent
337 ## - MEDIA TYPE
Media type term microform
Media type code h
Source rdamedia
338 ## - CARRIER TYPE
Carrier type term microfilm reel
Carrier type code hd
Source rdacarrier
362 0# - DATES OF PUBLICATION AND/OR SEQUENTIAL DESIGNATION
Dates of publication and/or sequential designation Vol. 1, no. 1 (Jan. 1943)-v. 3, no. 6 (Jan. 1946).
500 ## - GENERAL NOTE
General note Imprint varies: Chicago, Ill., Feb. 1943-Sept. 1943; Springfield, Mass., Nov. 1943-Jan. 1946.
500 ## - GENERAL NOTE
General note Publisher varies: Arrow Publications, May 1944-Jan. 1946.
500 ## - GENERAL NOTE
General note Title from cover.
533 ## - REPRODUCTION NOTE
Type of reproduction Microfilm.
Dates and/or sequential designation of issues reproduced v.1:no. 1-v.3:no. 6 (Jan. 1943-Jan. 1946)
Place of reproduction Washington, D.C. :
Agency responsible for reproduction Available from Library of Congress Photoduplication Service.
-- Available from Library of Congress Photoduplication Service.
Physical description of reproduction 2 microfilm reels ; 35 mm.
590 ## - LOCAL NOTE (RLIN)
Local note SERBIB/SERLOC merged record
650 #0 - SUBJECT ADDED ENTRY--TOPICAL TERM
Topical term or geographic name entry element Adventure stories
Form subdivision Periodicals.
650 #7 - SUBJECT ADDED ENTRY--TOPICAL TERM
Topical term or geographic name entry element Adventure stories.
Source of heading or term fast
Authority record control number or standard number (OCoLC)fst00797462
655 #7 - INDEX TERM--GENRE/FORM
Genre/form data or focus term Periodicals.
Source of term fast
Authority record control number or standard number (OCoLC)fst01411641
776 1# - ADDITIONAL PHYSICAL FORM ENTRY
Qualifying information Original
Record control number (OCoLC)20989669
-- (OCoLC)20989669
890 ## -
-- Speed adventure stories. [microfilm]
-- sf95-98004
906 ## - LOCAL DATA ELEMENT F, LDF (RLIN)
a 7
b cbc
c serials
d u
e ncip
f 19
g n-oclcserc
920 ## -
-- Keep 1
991 ## -
-- c-MicRR
-- Microfilm 95/1654
-- SERIALS
992 ## -
-- MicRR
-- SERLOC
Holdings
Withdrawn status Lost status Damaged status Not for loan Home library Current library Shelving location Date acquired Total checkouts Full call number Barcode Date last seen Price effective from Koha item type
        Fairview Fairview General stacks 22/03/2026   Microfilm 95/1654 LOC-FPL-00014 22/03/2026 22/03/2026 Books